[Event "4NCL Division 3 North"]
[Site "Wakefield, ENG"]
[Date "2018.03.17"]
[Round "7.11"]
[White "Rutter, Nick J"]
[Black "Thorarinsson, Pall A"]
[Result "1/2-1/2"]
[WhiteElo "2290"]
[BlackElo "2275"]
[PlyCount "40"]
[EventDate "2018.03.17"]
[WhiteTeam "Shropshire 1"]
[BlackTeam "Gonzaga"]

1. e4 c5 2. Nf3 g6 3. d4 Bg7 4. dxc5 Qa5+ 5. c3 Qxc5 6. Be3 Qa5 7. Nbd2 Nf6 8.
Nd4 d6 9. Be2 O-O 10. O-O a6 11. Kh1 Qc7 12. f4 e5 13. fxe5 dxe5 14. Nc2 b5 15.
Bg5 Nbd7 16. Nb4 Bb7 17. Bf3 h6 18. Bxf6 Nxf6 19. a4 bxa4 20. c4 Qb6 1/2-1/2

[Event "4NCL Division 3 North"]
[Site "Wakefield, ENG"]
[Date "2018.03.17"]
[Round "7.12"]
[White "McPhillips, Karl"]
[Black "Hurney, Kevin"]
[Result "1-0"]
[WhiteElo "2243"]
[BlackElo "2170"]
[PlyCount "53"]
[EventDate "2018.03.17"]
[WhiteTeam "Gonzaga"]
[BlackTeam "Shropshire 1"]

1. d4 d6 2. c4 Nf6 3. Nc3 g6 4. e4 Bg7 5. Bd3 Nc6 6. Nge2 O-O 7. O-O e5 8. d5
Nb4 9. Bb1 a5 10. a3 Na6 11. Bc2 Nc5 12. Rb1 Nh5 13. Be3 f5 14. exf5 gxf5 15.
f4 e4 16. b4 axb4 17. axb4 Nd7 18. Qd2 Rf7 19. Ra1 Rxa1 20. Rxa1 Ndf6 21. h3
Bd7 22. c5 Bf8 23. Bb3 dxc5 24. bxc5 Rg7 25. c6 Bc8 26. Ra8 b6 27. Bc4 1-0

[Event "4NCL Division 3 North"]
[Site "Wakefield, ENG"]
[Date "2018.03.17"]
[Round "7.13"]
[White "Higgie, Charles L"]
[Black "Delaney, Killian"]
[Result "1/2-1/2"]
[WhiteElo "2050"]
[BlackElo "2200"]
[PlyCount "122"]
[EventDate "2018.03.17"]
[WhiteTeam "Shropshire 1"]
[BlackTeam "Gonzaga"]

1. d4 Nf6 2. c4 g6 3. Nc3 Bg7 4. e4 d6 5. f3 O-O 6. Be3 c5 7. Nge2 Nc6 8. Qd2
Qa5 9. d5 Ne5 10. Nc1 a6 11. Be2 e6 12. O-O exd5 13. Nxd5 Qxd2 14. Nxf6+ Bxf6
15. Bxd2 Be6 16. Bc3 Bg7 17. b3 f5 18. f4 Nc6 19. Bxg7 Kxg7 20. exf5 Bxf5 21.
Bf3 Nd4 22. Ne2 Nxf3+ 23. Rxf3 Bg4 24. Re3 Bxe2 25. Rxe2 Rxf4 26. Rd1 Rd8 27.
Re7+ Rf7 28. Re6 Rfd7 29. Rd5 Kf7 30. Re3 Re7 31. Rh3 Re1+ 32. Kf2 Ra1 33. a4
Ke7 34. Re3+ Kd7 35. Rf3 Kc7 36. g4 b5 37. axb5 axb5 38. cxb5 Ra5 39. Rf7+ Rd7
40. b6+ Kc6 41. Rxd7 Kxd7 42. b4 Ra2+ 43. Kg3 cxb4 44. b7 Kc7 45. Rb5 Kb8 46.
Rxb4 g5 47. Rb3 Ra6 48. h4 gxh4+ 49. Kxh4 Rc6 50. Kg3 Rc7 51. Rb6 Rg7 52. Kh4
Rd7 53. Kg5 d5 54. Kf4 d4 55. Rb2 h6 56. Ke4 Rg7 57. Rg2 Rd7 58. Ra2 Rg7 59.
Kf4 Rf7+ 60. Ke4 Rg7 61. Kf4 Rf7+ 1/2-1/2

[Event "4NCL Division 3 North"]
[Site "Wakefield, ENG"]
[Date "2018.03.17"]
[Round "7.14"]
[White "Freeman, Gordon"]
[Black "Whyte, Brian G"]
[Result "1-0"]
[WhiteElo "2163"]
[BlackElo "2035"]
[PlyCount "69"]
[EventDate "2018.03.17"]
[WhiteTeam "Gonzaga"]
[BlackTeam "Shropshire 1"]

1. d4 Nf6 2. Nf3 d5 3. c4 e6 4. g3 c5 5. cxd5 exd5 6. Bg2 Nc6 7. O-O Be7 8. b3
O-O 9. Bb2 Re8 10. Nc3 Bg4 11. dxc5 Bxc5 12. Rc1 Bb6 13. Na4 Ne4 14. Nxb6 axb6
15. a4 Qd7 16. Nd4 Nc5 17. Re1 Ne6 18. Qd2 Nexd4 19. Bxd4 Nxd4 20. Qxd4 b5 21.
axb5 Bxe2 22. Qxd5 Bxb5 23. Qxd7 Rxe1+ 24. Rxe1 Bxd7 25. Bxb7 Rb8 26. Ra1 Kf8
27. Ra8 Rxa8 28. Bxa8 Bh3 29. f3 Be6 30. b4 Ke7 31. Kf2 Kd6 32. Ke3 f5 33. f4
h6 34. Kd4 g5 35. b5 1-0

[Event "4NCL Division 3 North"]
[Site "Wakefield, ENG"]
[Date "2018.03.17"]
[Round "7.15"]
[White "Paul, Nathanael"]
[Black "Murray, David"]
[Result "0-1"]
[WhiteElo "2005"]
[BlackElo "2153"]
[PlyCount "102"]
[EventDate "2018.03.17"]
[WhiteTeam "Shropshire 1"]
[BlackTeam "Gonzaga"]

1. e4 c5 2. Nc3 Nc6 3. g3 g6 4. Bg2 Bg7 5. d3 d6 6. Be3 e5 7. Qd2 Nge7 8. Nge2
Nd4 9. h3 Rb8 10. Nd5 Nxd5 11. exd5 O-O 12. O-O Bxh3 13. Nxd4 Bxg2 14. Kxg2
cxd4 15. Bh6 f5 16. Bxg7 Kxg7 17. f4 Rc8 18. Rh1 Kg8 19. Rac1 Qb6 20. fxe5 dxe5
21. Qh6 Rf7 22. c4 dxc3 23. bxc3 Qa5 24. c4 Qxa2+ 25. Kf3 f4 26. Rh2 Qa3 27.
Rd1 fxg3+ 28. Kxg3 e4 29. Rf2 Qd6+ 30. Kg2 Rxf2+ 31. Kxf2 Qf6+ 32. Ke1 Rf8 33.
Qe3 Qc3+ 34. Ke2 Qc2+ 35. Rd2 exd3+ 36. Qxd3 Re8+ 37. Kf3 Qxd3+ 38. Rxd3 Kf7
39. c5 Ke7 40. Rb3 Rd8 41. Ke4 Kd7 42. Ke5 Re8+ 43. Kf6 Kc7 44. Rh3 h5 45. Kxg6
Re5 46. Rd3 h4 47. Kf6 Rh5 48. Ke7 Rh7+ 49. Ke8 h3 50. d6+ Kc6 51. d7 h2 0-1

[Event "4NCL Division 3 North"]
[Site "Wakefield, ENG"]
[Date "2018.03.17"]
[Round "7.16"]
[White "O'Connor, Eddie"]
[Black "Bennion, David"]
[Result "0-1"]
[WhiteElo "2005"]
[BlackElo "1907"]
[PlyCount "64"]
[EventDate "2018.03.17"]
[WhiteTeam "Gonzaga"]
[BlackTeam "Shropshire 1"]

1. d4 d5 2. Nf3 Nf6 3. e3 c5 4. b3 cxd4 5. exd4 Nc6 6. Bd3 Nb4 7. Be2 Bf5 8.
Na3 Rc8 9. O-O Nxc2 10. Nxc2 Bxc2 11. Qd2 Qb6 12. Ba3 Ne4 13. Qf4 f6 14. Qg4 e6
15. Bxf8 Kxf8 16. Rac1 h5 17. Qh3 Rc3 18. g3 g5 19. Ne1 Qxd4 20. Rxc2 g4 21.
Bxg4 Ng5 22. Qh4 Rxc2 23. Bxe6 Qxh4 24. gxh4 Re2 25. Bc8 Ne4 26. Nd3 Rg8+ 27.
Kh1 Rd2 28. f3 Nd6 29. Bxb7 Nxb7 30. Nf4 Kf7 31. h3 Nd6 32. Rc1 Rc8 0-1

[Event "4NCL Division 3 North"]
[Site "Wakefield, ENG"]
[Date "2018.03.17"]
[Round "7.22"]
[White "Parsons, Matthew"]
[Black "Adams, Philip"]
[Result "1/2-1/2"]
[WhiteElo "2117"]
[BlackElo "2147"]
[PlyCount "57"]
[EventDate "2018.03.17"]
[WhiteTeam "Bradford DCA Knights A"]
[BlackTeam "3Cs 2"]

1. d4 Nf6 2. Bf4 g6 3. e3 Bg7 4. Nf3 O-O 5. Be2 d6 6. O-O b6 7. a4 a5 8. Nc3
Bb7 9. Bb5 Ne4 10. Qd3 Nxc3 11. Qxc3 c5 12. Qd3 Nd7 13. d5 Bxb2 14. Rab1 Bg7
15. Bxd7 Qxd7 16. Rxb6 c4 17. Qxc4 Rfc8 18. Qb3 Ba6 19. Rd1 Bc4 20. Qa3 Be2 21.
Rdb1 Bxf3 22. gxf3 Qf5 23. Qd3 Qh3 24. Qe4 Bf6 25. Bg3 Kg7 26. Qg4 Qxg4 27.
fxg4 Rxc2 28. Rc6 Ra2 29. Rc4 1/2-1/2

[Event "4NCL Division 3 North"]
[Site "Wakefield, ENG"]
[Date "2018.03.17"]
[Round "7.23"]
[White "Burton, Graham P"]
[Black "Bak, Christopher"]
[Result "0-1"]
[WhiteElo "2125"]
[BlackElo "2032"]
[PlyCount "54"]
[EventDate "2018.03.17"]
[WhiteTeam "3Cs 2"]
[BlackTeam "Bradford DCA Knights A"]

1. e4 e5 2. Nf3 Nc6 3. c3 d5 4. Qa4 f6 5. d3 Be6 6. Nbd2 Qd7 7. Be2 Nge7 8. O-O
Ng6 9. d4 exd4 10. Bb5 dxc3 11. bxc3 Rd8 12. Nd4 Nge7 13. exd5 Bxd5 14. c4 Bxg2
15. Bxc6 Nxc6 16. Re1+ Kf7 17. Ne6 Re8 18. Kxg2 Rxe6 19. Rxe6 Qxe6 20. Qd1 Bd6
21. Qh5+ g6 22. Qh4 h5 23. Ne4 Be5 24. Rb1 b6 25. Be3 Qg4+ 26. Qxg4 hxg4 27.
Ng3 f5 0-1

[Event "4NCL Division 3 North"]
[Site "Wakefield, ENG"]
[Date "2018.03.17"]
[Round "7.24"]
[White "Jennings, Roger W"]
[Black "Rita, Joao"]
[Result "1/2-1/2"]
[WhiteElo "2020"]
[BlackElo "2035"]
[PlyCount "62"]
[EventDate "2018.03.17"]
[WhiteTeam "Bradford DCA Knights A"]
[BlackTeam "3Cs 2"]

1. g3 d5 2. Bg2 e5 3. d3 Nf6 4. Nf3 Bd6 5. O-O O-O 6. Nc3 c6 7. e4 h6 8. Bd2
Re8 9. exd5 cxd5 10. Nb5 Bf8 11. Be3 a5 12. Na3 Nc6 13. Re1 Qc7 14. Qc1 Bf5 15.
Bd2 Bh7 16. Nh4 b5 17. c4 bxc4 18. dxc4 d4 19. c5 Bd3 20. Nc4 Bxc5 21. Bxc6
Qxc6 22. Nxe5 Qb5 23. a4 Qb3 24. Qxc5 Be4 25. Qxd4 Rad8 26. Qc3 Qd5 27. Nef3
Rc8 28. Qe3 Bxf3 29. Qxf3 Rxe1+ 30. Rxe1 Qxd2 31. Qe3 Qd7 1/2-1/2

[Event "4NCL Division 3 North"]
[Site "Wakefield, ENG"]
[Date "2018.03.17"]
[Round "7.25"]
[White "Burke, Mitchell R"]
[Black "Bak, Andrew"]
[Result "1/2-1/2"]
[WhiteElo "2087"]
[BlackElo "1996"]
[PlyCount "125"]
[EventDate "2018.03.17"]
[WhiteTeam "3Cs 2"]
[BlackTeam "Bradford DCA Knights A"]

1. e4 e5 2. Nf3 Nc6 3. Bb5 Nf6 4. O-O Nxe4 5. Re1 Nd6 6. Nxe5 Nxe5 7. Rxe5+ Be7
8. Bd3 O-O 9. Nc3 Bf6 10. Re3 g6 11. Qf3 Ne8 12. Re1 c6 13. b3 Bg7 14. Ba3 d6
15. Qg3 b5 16. Rad1 a5 17. Bc1 d5 18. a4 b4 19. Ne2 Nd6 20. Nf4 Bb7 21. Bf1 Ne4
22. Qf3 Bd4 23. Nh3 Re8 24. Bd3 f5 25. Bxe4 fxe4 26. Qg3 Ba6 27. d3 exd3 28.
cxd3 Qf6 29. Bg5 Qf5 30. Nf4 Bc3 31. Re3 Re5 32. Rxe5 Qxe5 33. h4 Rf8 34. Bh6
Re8 35. h5 Qf5 36. hxg6 hxg6 37. Bg5 Re5 38. Bh4 Kf7 39. Nh3 Bc8 40. Ng5+ Kg7
41. Nf3 Re2 42. Bg5 Be5 43. Nxe5 Qxe5 44. Qxe5+ Rxe5 45. Be3 Kf7 46. Kf1 Ba6
47. Bd4 Rh5 48. Ke2 Ke6 49. Bc5 Kd7 50. Kd2 d4 51. Bxd4 c5 52. Be3 Bb7 53. Rc1
Kd6 54. g3 Rd5 55. Bf4+ Kd7 56. Kc2 Ba6 57. Rd1 Kc6 58. Be3 Bc8 59. d4 Bf5+ 60.
Kb2 cxd4 61. Rxd4 Rxd4 62. Bxd4 Be6 63. Be3 1/2-1/2

[Event "4NCL Division 3 North"]
[Site "Wakefield, ENG"]
[Date "2018.03.17"]
[Round "7.26"]
[White "Nicholson, Jim W R"]
[Black "Hazlehurst, Cory S"]
[Result "1/2-1/2"]
[WhiteElo "1992"]
[BlackElo "2035"]
[PlyCount "54"]
[EventDate "2018.03.17"]
[WhiteTeam "Bradford DCA Knights A"]
[BlackTeam "3Cs 2"]

1. d4 Nf6 2. Nf3 e6 3. Bg5 h6 4. Bh4 c5 5. e3 b6 6. Nbd2 Bb7 7. c3 cxd4 8. exd4
Be7 9. Bd3 d6 10. O-O O-O 11. a4 Nc6 12. Nc4 Nh5 13. Bxe7 Qxe7 14. Re1 Nf4 15.
Bf1 Qc7 16. g3 Nd5 17. Nfd2 Nf6 18. Bg2 Nd8 19. Bxb7 Nxb7 20. Qf3 d5 21. Ne5
Nd6 22. Qe2 a6 23. Nb3 Rfb8 24. Ra2 Nfe4 25. f3 Nf6 26. Rea1 Nd7 27. Nd3 Nc4
1/2-1/2

[Event "4NCL Division 3 North"]
[Site "Wakefield, ENG"]
[Date "2018.03.17"]
[Round "7.31"]
[White "Bimpson, Tom"]
[Black "Page, Mark E"]
[Result "1-0"]
[WhiteElo "1985"]
[BlackElo "2154"]
[PlyCount "103"]
[EventDate "2018.03.17"]
[WhiteTeam "Spirit of Atticus B"]
[BlackTeam "Warwickshire Select 2"]

1. d4 Nf6 2. Bf4 g6 3. Nc3 d5 4. e3 Bg7 5. h4 c6 6. Be2 h6 7. Nf3 Bg4 8. Ne5
Bxe2 9. Qxe2 Nbd7 10. O-O-O Nxe5 11. Bxe5 b5 12. g4 a5 13. g5 Nh5 14. Bxg7 Nxg7
15. e4 b4 16. Na4 e6 17. exd5 cxd5 18. Qe5 Kf8 19. Nc5 Kg8 20. f4 h5 21. c4
bxc3 22. bxc3 Kh7 23. Kc2 Nf5 24. Rb1 Ra7 25. Rb5 Nd6 26. Rb3 Nc4 27. Qe2 Qd6
28. Rf1 a4 29. Rb4 Rb8 30. Rf3 Rb6 31. Rf2 Qb8 32. Qe1 Kg7 33. f5 exf5 34. Re2
Rxb4 35. cxb4 f4 36. Re8 Qd6 37. Kc3 Ne3 38. Qe2 a3 39. Kb3 Nf5 40. Qf2 Re7 41.
Rxe7 Nxe7 42. Kxa3 Nf5 43. Kb3 Ne3 44. a4 Ng4 45. Qe2 f6 46. a5 fxg5 47. a6 Qf6
48. Ne6+ Kh7 49. a7 f3 50. Qc2 Qxe6 51. Qc7+ Kh6 52. a8=Q 1-0

[Event "4NCL Division 3 North"]
[Site "Wakefield, ENG"]
[Date "2018.03.17"]
[Round "7.33"]
[White "Johnson, Michael D"]
[Black "Cooper, David M"]
[Result "1/2-1/2"]
[WhiteElo "1983"]
[BlackElo "2027"]
[PlyCount "42"]
[EventDate "2018.03.17"]
[WhiteTeam "Spirit of Atticus B"]
[BlackTeam "Warwickshire Select 2"]

1. Nf3 d5 2. g3 Nf6 3. Bg2 c6 4. O-O Bg4 5. d4 Nbd7 6. b3 e6 7. c4 Be7 8. Bb2
O-O 9. h3 Bf5 10. Nc3 Ne4 11. e3 h6 12. Nd2 Nxc3 13. Bxc3 Rc8 14. Qe2 Nf6 15.
Kh2 Re8 16. f3 c5 17. dxc5 Bxc5 18. Bxf6 Qxf6 19. e4 Bg6 20. f4 dxe4 21. Nxe4
Bxe4 1/2-1/2

[Event "4NCL Division 3 North"]
[Site "Wakefield, ENG"]
[Date "2018.03.17"]
[Round "7.34"]
[White "Turner, Simon"]
[Black "Cooper, John G"]
[Result "0-1"]
[WhiteElo "1952"]
[BlackElo "1932"]
[PlyCount "52"]
[EventDate "2018.03.17"]
[WhiteTeam "Warwickshire Select 2"]
[BlackTeam "Spirit of Atticus B"]

1. d4 Nf6 2. c4 e6 3. Nc3 Bb4 4. Qc2 O-O 5. e3 c5 6. a3 Bxc3+ 7. bxc3 Nc6 8.
Bd3 d6 9. Ne2 e5 10. O-O Re8 11. f3 b6 12. Bb2 Na5 13. e4 Ba6 14. f4 Bxc4 15.
fxe5 dxe5 16. Rad1 Bb3 17. Qb1 Bxd1 18. Rxd1 Qc7 19. Bb5 Red8 20. d5 a6 21. Ba4
b5 22. Bc2 c4 23. Bc1 Qc5+ 24. Kh1 Ng4 25. Rf1 Nf2+ 26. Kg1 Nh3+ 0-1

[Event "4NCL Division 3 North"]
[Site "Wakefield, ENG"]
[Date "2018.03.17"]
[Round "7.35"]
[White "Mort, Andrew J"]
[Black "Phillips, Alan"]
[Result "0-1"]
[WhiteElo "1877"]
[BlackElo "1885"]
[PlyCount "44"]
[EventDate "2018.03.17"]
[WhiteTeam "Spirit of Atticus B"]
[BlackTeam "Warwickshire Select 2"]

1. c4 e6 2. g3 f5 3. Bg2 Nf6 4. Nf3 Be7 5. O-O O-O 6. Nc3 d6 7. d3 Nc6 8. e4
fxe4 9. dxe4 e5 10. h3 Qe8 11. Be3 Kh8 12. Nd5 Bd8 13. Ne1 Qg6 14. Nxf6 Bxf6
15. c5 dxc5 16. Bxc5 Rd8 17. Qe2 b6 18. Qb5 Bd7 19. Be3 Nd4 20. Qb4 c5 21. Qd2
Bb5 22. Nd3 Bxd3 0-1

[Event "4NCL Division 3 North"]
[Site "Wakefield, ENG"]
[Date "2018.03.17"]
[Round "7.36"]
[White "Phillips, David"]
[Black "Hulme, David I"]
[Result "1-0"]
[WhiteElo "1791"]
[BlackElo "1895"]
[PlyCount "75"]
[EventDate "2018.03.17"]
[WhiteTeam "Warwickshire Select 2"]
[BlackTeam "Spirit of Atticus B"]

1. d4 Nf6 2. Bf4 e6 3. Nf3 b6 4. e3 Bb7 5. Bd3 Be7 6. Nbd2 d6 7. Qe2 Nh5 8. Bg3
Nd7 9. c3 f5 10. O-O-O g6 11. Ne1 Rc8 12. f3 Ndf6 13. e4 fxe4 14. Nxe4 Nd5 15.
Kb1 O-O 16. Ka1 Ndf4 17. Bxf4 Nxf4 18. Qe3 Qd7 19. Bb1 Nd5 20. Qd2 a5 21. h4
Nf4 22. g3 Nh5 23. g4 Bxe4 24. fxe4 Nf6 25. h5 Nxg4 26. hxg6 hxg6 27. Qg2 e5
28. Rg1 Rf4 29. Nd3 Rcf8 30. Nxf4 Rxf4 31. Rdf1 Rxf1 32. Qxf1 g5 33. a3 Nh6 34.
Ba2+ Kh7 35. Rh1 Kg7 36. dxe5 dxe5 37. Qg2 Qg4 38. Qh2 1-0

[Event "4NCL Division 3 North"]
[Site "Wakefield, ENG"]
[Date "2018.03.17"]
[Round "7.41"]
[White "White, Mark W"]
[Black "Whitfield, Craig M"]
[Result "1-0"]
[WhiteElo "2026"]
[BlackElo "2082"]
[PlyCount "91"]
[EventDate "2018.03.17"]
[WhiteTeam "Jorvik"]
[BlackTeam "Cheddleton 2"]

1. e4 g6 2. d4 Bg7 3. Nc3 d6 4. Be3 a6 5. Qd2 b5 6. O-O-O Bb7 7. f3 Nd7 8. h4
Ngf6 9. Nh3 h6 10. Nf4 Rc8 11. g3 c5 12. dxc5 Nxc5 13. Kb1 Nfd7 14. Bh3 Rc6 15.
Bxd7+ Nxd7 16. Nfd5 Ne5 17. Qf2 O-O 18. Bd4 e6 19. Ne3 Qc7 20. h5 b4 21. Na4
Qa5 22. b3 Rfc8 23. Nb2 Qc7 24. hxg6 fxg6 25. Rh2 Rf8 26. Bxe5 dxe5 27. Nec4
Rxc4 28. Nxc4 Bxe4 29. Qe2 Bxf3 30. Rf1 e4 31. Rh3 Qe7 32. Qe3 Qf6 33. c3 bxc3
34. Kc2 Rd8 35. g4 Rd3 36. Rhxf3 Qd8 37. Qxe4 Rd2+ 38. Kc1 Rxa2 39. Qxe6+ Kh7
40. Rf7 Qg5+ 41. Qe3 Qd8 42. Rxg7+ Kxg7 43. Qxc3+ Kg8 44. Rf6 Qe8 45. Ne5 Qe7
46. Qc4+ 1-0

[Event "4NCL Division 3 North"]
[Site "Wakefield, ENG"]
[Date "2018.03.17"]
[Round "7.42"]
[White "Richardson, Alex"]
[Black "Hodge, Steve R"]
[Result "1/2-1/2"]
[WhiteElo "2153"]
[BlackElo "2042"]
[PlyCount "71"]
[EventDate "2018.03.17"]
[WhiteTeam "Cheddleton 2"]
[BlackTeam "Jorvik"]

1. d4 f5 2. c4 Nf6 3. Nc3 g6 4. h4 d6 5. h5 Nxh5 6. Rxh5 gxh5 7. e4 fxe4 8.
Qxh5+ Kd7 9. Nxe4 Qe8 10. Qh4 Nc6 11. Be3 Kd8 12. O-O-O Bg7 13. Ne2 Qg6 14. Nf4
Qg4 15. Qxg4 Bxg4 16. f3 Bf5 17. Ng5 Kd7 18. g4 h6 19. Ngh3 Bh7 20. Nh5 Bf6 21.
Nxf6+ exf6 22. Bxh6 Bc2 23. Kxc2 Rxh6 24. g5 fxg5 25. Nxg5 Rh2+ 26. Kc3 Rah8
27. Bd3 Rh1 28. Bf5+ Ke7 29. Rxh1 Rxh1 30. Ne6 Kf6 31. Bg4 Rc1+ 32. Kb3 Na5+
33. Kb4 Nc6+ 34. Kb3 Na5+ 35. Kb4 Nc6+ 36. Kb3 1/2-1/2

[Event "4NCL Division 3 North"]
[Site "Wakefield, ENG"]
[Date "2018.03.17"]
[Round "7.43"]
[White "Mounce, Richard B"]
[Black "Boswell, Jacob Connor"]
[Result "0-1"]
[WhiteElo "1995"]
[BlackElo "2072"]
[PlyCount "96"]
[EventDate "2018.03.17"]
[WhiteTeam "Jorvik"]
[BlackTeam "Cheddleton 2"]

1. e4 e5 2. Nf3 Nc6 3. Bb5 a6 4. Ba4 Nf6 5. O-O Be7 6. Qe2 b5 7. Bb3 O-O 8. c3
d6 9. d4 Bg4 10. Rd1 Qd7 11. a4 b4 12. a5 bxc3 13. bxc3 Qc8 14. Bg5 Rb8 15. Bc4
exd4 16. Bxa6 Bxf3 17. gxf3 Qh3 18. cxd4 Nh5 19. Be3 d5 20. Qf1 Qh4 21. Qg2 f5
22. Nc3 dxe4 23. Bc4+ Kh8 24. f4 Rf6 25. Ne2 Rg6 26. Ng3 Nxf4 27. Bxf4 Qxf4 28.
Rdb1 Ra8 29. Bd5 h6 30. a6 Qd6 31. Bxc6 Qxc6 32. a7 f4 33. Rb8+ Kh7 34. Qh3
fxg3 35. hxg3 Rxa7 36. Rxa7 e3 37. Qc8 exf2+ 38. Kxf2 Qc2+ 39. Kf3 Qd3+ 40. Kf2
Qxg3+ 41. Ke2 Qh2+ 42. Kd3 Rg3+ 43. Kc4 Qc2+ 44. Kd5 Rg5+ 45. Ke6 Rg6+ 46. Kxe7
Qe4+ 47. Kd8 Rd6+ 48. Qd7 Rxd7+ 0-1

[Event "4NCL Division 3 North"]
[Site "Wakefield, ENG"]
[Date "2018.03.17"]
[Round "7.44"]
[White "Acey, Gerald"]
[Black "Cowan, Richard M"]
[Result "1/2-1/2"]
[WhiteElo "2132"]
[BlackElo "1858"]
[PlyCount "121"]
[EventDate "2018.03.17"]
[WhiteTeam "Cheddleton 2"]
[BlackTeam "Jorvik"]

1. d4 Nf6 2. Bg5 d5 3. Nd2 e6 4. Ngf3 Be7 5. e3 c6 6. Bd3 h6 7. Bh4 Nbd7 8. c4
b6 9. Rc1 Bb7 10. O-O O-O 11. h3 Rc8 12. Bg3 c5 13. cxd5 exd5 14. Re1 Ne4 15.
Bxe4 dxe4 16. Ne5 Nxe5 17. dxe5 b5 18. Nb3 Qb6 19. Qg4 Rfd8 20. Red1 Rd3 21.
Bf4 Rcd8 22. Rxd3 exd3 23. Rd1 Qe6 24. Qxe6 fxe6 25. f3 Bd5 26. e4 Bxb3 27.
axb3 c4 28. Be3 Rd7 29. bxc4 bxc4 30. Kf1 Bb4 31. Rc1 Rc7 32. Bd4 Bd2 33. Rd1
Bf4 34. Kf2 Rd7 35. Bc3 Bg5 36. Ra1 Kf7 37. Ke1 Be3 38. Kd1 h5 39. Ra4 Rc7 40.
Ra6 g5 41. Ra4 Rc8 42. Rb4 g4 43. Bd2 gxh3 44. gxh3 Bb6 45. Bg5 Kg6 46. h4 Bd4
47. f4 Rc6 48. Kd2 Bb6 49. Kd1 a5 50. Rb5 a4 51. Be7 Be3 52. Bg5 Bd4 53. Be7 a3
54. Bxa3 Be3 55. f5+ exf5 56. e6 fxe4 57. e7 Rc8 58. Re5 Kf7 59. Rxe4 Bh6 60.
Re5 Rg8 61. Bc5 1/2-1/2

[Event "4NCL Division 3 North"]
[Site "Wakefield, ENG"]
[Date "2018.03.17"]
[Round "7.45"]
[White "Flint, Martina"]
[Black "Edwards, Simon R"]
[Result "0-1"]
[WhiteElo "1844"]
[BlackElo "1931"]
[PlyCount "52"]
[EventDate "2018.03.17"]
[WhiteTeam "Jorvik"]
[BlackTeam "Cheddleton 2"]

1. f4 Nh6 2. Nf3 g6 3. g3 Bg7 4. Bg2 d5 5. O-O O-O 6. d3 c5 7. c3 Nc6 8. Qc2 d4
9. c4 Nf5 10. a3 a5 11. Re1 Re8 12. Ng5 Ne3 13. Bxe3 dxe3 14. Bxc6 bxc6 15. Nc3
e5 16. Nce4 exf4 17. gxf4 Qc7 18. Rf1 h6 19. Nf3 Bh3 20. Rfd1 Qxf4 21. Kh1 g5
22. Rg1 g4 23. Nh4 Be5 24. Ng3 Qg5 25. Nf3 gxf3 26. Ne4 Bg2+ 0-1

[Event "4NCL Division 3 North"]
[Site "Wakefield, ENG"]
[Date "2018.03.17"]
[Round "7.46"]
[White "Floresc, Petru"]
[Black "Andrews, Norman G"]
[Result "1-0"]
[WhiteElo "1815"]
[BlackElo "1607"]
[PlyCount "69"]
[EventDate "2018.03.17"]
[WhiteTeam "Cheddleton 2"]
[BlackTeam "Jorvik"]

1. e4 c5 2. Nf3 g6 3. c3 Nc6 4. d4 cxd4 5. cxd4 Nf6 6. Nc3 d6 7. Bf4 Bg4 8. Bb5
a6 9. Bxc6+ bxc6 10. Qd3 Bd7 11. Qc4 Bg7 12. O-O O-O 13. Rfe1 Qb6 14. Rab1 Rac8
15. h3 Nxe4 16. Nxe4 d5 17. Qc5 Qd8 18. Nc3 Bf5 19. Rbc1 e6 20. g4 Bd3 21. Re3
Be4 22. Nxe4 dxe4 23. Rxe4 h6 24. Ne5 g5 25. Bg3 f5 26. Ree1 f4 27. Bh2 Qe8 28.
f3 h5 29. Kg2 Rf6 30. Bg1 Rh6 31. Nxc6 Kh7 32. Qc2+ Kh8 33. Qe4 e5 34. Nxe5
hxg4 35. Nf7+ 1-0

[Event "4NCL Division 3 North"]
[Site "Wakefield, ENG"]
[Date "2018.03.17"]
[Round "7.51"]
[White "Bennett, Patrick"]
[Black "Gardiner, Eric D"]
[Result "0-1"]
[WhiteElo "2014"]
[BlackElo "1965"]
[PlyCount "104"]
[EventDate "2018.03.17"]
[WhiteTeam "Holmes Chapel"]
[BlackTeam "Bradford DCA Knights B"]

1. d4 d6 2. g3 e5 3. d5 f5 4. Bg2 Nf6 5. c4 Be7 6. Nc3 O-O 7. Nf3 a5 8. O-O Na6
9. a3 Nc5 10. Be3 Nce4 11. Nxe4 Nxe4 12. Ne1 Ng5 13. f4 Nf7 14. Nf3 Bf6 15. Qd2
Qe7 16. Rac1 Re8 17. fxe5 Nxe5 18. Bd4 Nxf3+ 19. Bxf3 Bg5 20. e3 b6 21. Rfe1
Bd7 22. Qc3 Rf8 23. Rc2 Bf6 24. Rce2 Bxd4 25. Qxd4 Qf6 26. Qxf6 Rxf6 27. e4 f4
28. gxf4 Rxf4 29. Bg2 Re8 30. Rf2 Ref8 31. Rxf4 Rxf4 32. Re3 Kf7 33. Rf3 g5 34.
Rxf4+ gxf4 35. Kf2 Kf6 36. Kf3 Ke5 37. h3 Ba4 38. h4 Bc2 39. Bf1 Bd1+ 40. Kf2
Kxe4 41. Ke1 Bc2 42. Kd2 Bb1 43. h5 h6 44. b3 Kf3 45. Bh3 Kg3 46. Bf1 Kf2 47.
Bh3 f3 48. b4 Kg1 49. c5 f2 50. cxb6 cxb6 51. bxa5 bxa5 52. Kc3 Bf5 0-1

[Event "4NCL Division 3 North"]
[Site "Wakefield, ENG"]
[Date "2018.03.17"]
[Round "7.52"]
[White "Sullivan, Daniel"]
[Black "Turner, John M"]
[Result "1/2-1/2"]
[WhiteElo "1967"]
[BlackElo "2005"]
[PlyCount "93"]
[EventDate "2018.03.17"]
[WhiteTeam "Bradford DCA Knights B"]
[BlackTeam "Holmes Chapel"]

1. d4 d5 2. c4 dxc4 3. Nf3 a6 4. e3 Bg4 5. Bxc4 e6 6. h3 Bh5 7. Nc3 Nc6 8. O-O
Nf6 9. Qe2 Bd6 10. Rd1 O-O 11. g4 Bg6 12. Nh4 Nd7 13. Nxg6 hxg6 14. f4 Nb6 15.
Bb3 g5 16. fxg5 Qxg5 17. Ne4 Qh4 18. Nxd6 cxd6 19. Kg2 d5 20. Bd2 Rac8 21. Rac1
f5 22. Rf1 fxg4 23. Qxg4 Qxg4+ 24. hxg4 Rxf1 25. Kxf1 Nd7 26. Kg2 Nf6 27. Bd1
Ne4 28. Be1 Ne7 29. Rxc8+ Nxc8 30. Bc2 Ncd6 31. b3 Kf7 32. Bb4 Kf6 33. Kf3 g5
34. Bxd6 Nxd6 35. e4 e5 36. Ke3 Ke6 37. Bd3 a5 38. a3 b6 39. a4 Ne8 40. exd5+
Kxd5 41. Bc4+ Kd6 42. Ke4 exd4 43. Kxd4 Nf6 44. Be2 Ke6 45. Bc4+ Kd6 46. Be2
Ke6 47. Bc4+ 1/2-1/2

[Event "4NCL Division 3 North"]
[Site "Wakefield, ENG"]
[Date "2018.03.17"]
[Round "7.54"]
[White "Slinger, Tony J"]
[Black "Samuel Lares, Jairo"]
[Result "0-1"]
[WhiteElo "1876"]
[BlackElo "2001"]
[PlyCount "82"]
[EventDate "2018.03.17"]
[WhiteTeam "Bradford DCA Knights B"]
[BlackTeam "Holmes Chapel"]

1. e4 c5 2. Nf3 Nc6 3. Bb5 g6 4. O-O Bg7 5. Re1 e5 6. Bxc6 dxc6 7. d3 Qe7 8.
Nc3 Nf6 9. h3 O-O 10. a4 a5 11. b3 Nh5 12. Ne2 Be6 13. Bb2 Rad8 14. Qd2 Qc7 15.
Bc3 b6 16. Qc1 f6 17. Qb2 g5 18. Nd2 Kf7 19. Nc4 Rg8 20. f3 Nf4 21. Nxf4 gxf4
22. Kf2 Bh6 23. Rh1 Rg3 24. Rh2 Rdg8 25. h4 Ke8 26. Rg1 Qg7 27. Qa1 Bh3 28. Qf1
Be6 29. Nxb6 c4 30. Nxc4 Bxc4 31. bxc4 Qa7+ 32. Ke2 Qe3+ 33. Kd1 Rxf3 34. Qe1
Qa7 35. Rgh1 Re3 36. Qf1 Qb6 37. Bd2 Qb1+ 38. Bc1 f3 39. gxf3 Re2 40. Kxe2
Qxc2+ 41. Ke1 Qxc1+ 0-1

[Event "4NCL Division 3 North"]
[Site "Wakefield, ENG"]
[Date "2018.03.17"]
[Round "7.55"]
[White "Raeburn, Andrew"]
[Black "Baxter, Harold"]
[Result "1/2-1/2"]
[WhiteElo "1832"]
[BlackElo "1865"]
[PlyCount "77"]
[EventDate "2018.03.17"]
[WhiteTeam "Holmes Chapel"]
[BlackTeam "Bradford DCA Knights B"]

1. e4 c5 2. Nc3 Nc6 3. g3 e6 4. Bg2 Nf6 5. Nge2 a6 6. O-O Qc7 7. f4 d6 8. d3
Be7 9. h3 Bd7 10. Be3 Rc8 11. g4 h6 12. Qe1 Nb4 13. Rc1 d5 14. e5 d4 15. exf6
Bxf6 16. Ne4 dxe3 17. Nxf6+ gxf6 18. Nc3 Bc6 19. Qxe3 Bxg2 20. Kxg2 Qc6+ 21.
Qe4 h5 22. a3 Qxe4+ 23. Nxe4 Nd5 24. Rce1 Ke7 25. Kg3 hxg4 26. hxg4 c4 27. d4
b6 28. Rh1 Rcg8 29. Kf3 a5 30. Ng3 Kd7 31. Rxh8 Rxh8 32. Rh1 Rxh1 33. Nxh1 b5
34. Nf2 b4 35. axb4 axb4 36. Ne4 Kc6 37. f5 exf5 38. gxf5 Ne7 39. Kf4 1/2-1/2